000 00732nam a2200289Ia 4500
005 20260324124913.0
008 008 260324s9999 xx 000 0 eng d
020 _a9780203878941
037 _aEBOOK
040 _aCRL
040 _beng
040 _cCRL
041 _2eng
041 _aeng
084 _qCRL
100 _aDavid Price; Alhanoof AlDebasi
_91175947
245 4 _aThe Development of Intellectual Property Regimes in the Arabian Gulf States
245 0 _bInfidels at the Gates
260 _bTaylor and Francis
260 _c2009
365 _a
365 _b230
856 _uhttp://www.taylorfrancis.com/books/9780203878941
942 _cEBOOK
999 _c1770741
_d1770741